I'm So Grumpy - A Noodles Book (Noodles, Level 1 - Beginning Reader). (Record no. 86)

MARC details
000 -LEADER
fixed length control field 00755nam a22002417a 4500
001 - CONTROL NUMBER
control field 86
003 - CONTROL NUMBER IDENTIFIER
control field FISKH
005 - DATE AND TIME OF LATEST TRANSACTION
control field 20250731142227.0
008 - FIXED-LENGTH DATA ELEMENTS--GENERAL INFORMATION
fixed length control field 230222b cb ||||| |||| 00| 0 eng d
020 ## - INTERNATIONAL STANDARD BOOK NUMBER
International Standard Book Number 9780545070768
040 ## - CATALOGING SOURCE
Original cataloging agency MePoLT
Transcribing agency MePoLT
Description conventions rda
Language of cataloging eng
Modifying agency FISKH
050 ## - LIBRARY OF CONGRESS CALL NUMBER
Classification number PZ23 W538
082 ## - DEWEY DECIMAL CLASSIFICATION NUMBER
Classification number 813.54
100 1# - MAIN ENTRY--PERSONAL NAME
Personal name Wilhelm, Hans.
245 10 - TITLE STATEMENT
Title I'm So Grumpy - A Noodles Book (Noodles, Level 1 - Beginning Reader).
264 #1 - PRODUCTION, PUBLICATION, DISTRIBUTION, MANUFACTURE, AND COPYRIGHT NOTICE
Name of producer, publisher, distributor, manufacturer Scholastic,
Date of production, publication, distribution, manufacture, or copyright notice 2008.
300 ## - PHYSICAL DESCRIPTION
Extent 15 leaves of plates
Dimensions 23 cm.
500 ## - GENERAL NOTE
General note Noodles is grumpy. What is going to make him feel better?
520 ## - SUMMARY, ETC.
Summary, etc. I'm So Grumpy - A Noodles Book (Noodles, Level 1 - Beginning Reader) by Hans Wilhelm (2008)
521 8# - TARGET AUDIENCE NOTE
Target audience note 220 <br/>
Source Lexile
521 8# - TARGET AUDIENCE NOTE
Target audience note D <br/>
Source Raz-Plus
942 ## - ADDED ENTRY ELEMENTS (KOHA)
Source of classification or shelving scheme Dewey Decimal Classification
Koha item type Books
Holdings
Withdrawn status Lost status Source of classification or shelving scheme Damaged status Not for loan Collection Home library Current library Shelving location Date acquired Total Checkouts Full call number Barcode Date last seen Date last checked out Copy number Price effective from Koha item type
    Dewey Decimal Classification Damaged   Juvenile Fiction Footprints International School Library Network Toul Kork Campus Footprints International School Library Network Toul Kork Campus TK Primary Library Room(4th Floor), Bookcase 7, Shelves 57-60, Dark Green Books 02/22/2023 4 WIL 813.54 PZ23 FISBK02516 05/16/2024 01/02/2024 1 02/22/2023 Books
    Dewey Decimal Classification Damaged   Juvenile Fiction Footprints International School Library Network Toul Kork Campus Footprints International School Library Network Toul Kork Campus TK Primary Library Room(4th Floor), Bookcase 7, Shelves 57-60, Dark Green Books 02/22/2023   WIL 813.54 PZ23 FISBK02511 03/27/2023   2 02/22/2023 Books
    Dewey Decimal Classification     Juvenile Fiction Footprints International School Library Network Toul Tom Poung Campus Footprints International School Library Network Toul Tom Poung Campus TTP Primary Green Bookshelves 07/31/2025   WIL 813.54 PZ23 FISBK02512 07/31/2025   3 07/31/2025 Books